Chansons françaises 6 - Statistiques

Statistiques générales
  • Ce quiz a été pris 370 fois
    292 depuis la dernière actualisation
  • Le résultat moyen est 20 sur 60
Statistiques - réponses
Chanson Artiste(s) % Correct
Joe le taxi Vanessa Paradis
90%
Djadja Aya Nakamura
89%
Sapés comme jamais Maître Gims
88%
L'Aziza Daniel Balavoine
86%
Chanson populaire (ça s'en va et ça revient) Claude François
85%
La grenade Clara Luciani
77%
Les brunes comptent pas pour des brunes Lio
76%
Il me dit que je suis belle Patricia Kaas
67%
4 mots sur un piano Patrick Fiori, Jean-Jacques Goldman & Christine Ricol
67%
L'amour à la machine Alain Souchon
61%
Coups et blessures BB Brunes
58%
Parce qu'on vient de loin Corneille
57%
Boum, Boum, Boum Mika
56%
Soulman Ben l'Oncle Soul
54%
Partir un jour 2Be3
53%
La déclaration d'amour France Gall
53%
Les murs porteurs Florent Pagny
52%
Suzette Dany Brillant
50%
Elle me contrôle M. Pokora
47%
J'ai besoin d'amour Lorie
39%
L'instant X Mylène Farmer
39%
Le mendiant de l'amour Enrico Macias
35%
Ce n'est rien Julien Clerc
35%
La fille d'avril Laurent Voulzy
35%
Né quelque part Maxime Le Forestier
34%
Il a neigé sur Yesterday Marie Laforêt
30%
La neige au Sahara Anggun
28%
Que c'est triste Venise Charles Aznavour
27%
Je te survivrai Jean-Pierre François
27%
Je suis un homme (1970) Michel Polnareff
27%
Sonotone MC Solaar
25%
Biche, ma biche Frank Alamo
24%
La chenille La bande à Basile
24%
Ma Benz Suprême NTM & Lord Kossity
24%
Les uns contre les autres Fabienne Thibeault
23%
Les trompettes de la renommée Georges Brassens
23%
La complainte de l'heure de pointe Joe Dassin
23%
Le géant de papier Jean-Jacques Lafon
20%
L'heure de la sortie (1966) Sheila
20%
Un homme extraordinaire Les Innocents
19%
Roc (2006) Nâdiya
19%
Je chante avec toi liberté Nana Mouskouri
19%
Bal de Bamako Mathieu Chedid
15%
J'pète les plombs Disiz la Peste
14%
Les loups sont entrés dans Paris Serge Reggiani
14%
Même pas fatigué Magic System & Khaled
12%
Sympathique (je ne veux pas travailler) Pink Martini
12%
Romantica (1960) Dalida
11%
Scandale dans la famille (1965) Sacha Distel
11%
Tu t'en vas Alain Barrière & Noëlle Cordier
10%
Irrésistiblement Sylvie Vartan
10%
Les filles de l'aurore William Sheller
10%
Nous les amoureux Jean-Claude Pascal
8%
J'ai fait l'amour avec la mer Véronique Jannot
7%
Le temps de vivre Georges Moustaki
6%
Aime-moi Claude Barzotti
5%
Pilule (2010) Saez
5%
Préssée de vivre Léa Castel
4%
Viens jusqu'à moi Elodie Frégé & Michal
3%
Un, deux, trois (1976) Catherine Ferry
2%
Aucun quiz correspondant
Distribution des résultats
% des personnes avec chaque résultat
Percentile par nombre de réponses
Votre historique - résultats
Vous n’avez pas pris ce quiz depuis la dernière actualisation